Vista normal Vista MARC

Entrada Topical Term

Número de registros utilizados en: 1

001 - CONTROL NUMBER

  • control field: 9084

003 - CONTROL NUMBER IDENTIFIER

  • control field: OSt

005 - DATE AND TIME OF LATEST TRANSACTION

  • control field: 20200821223000.0

008 - FIXED-LENGTH DATA ELEMENTS

  • fixed length control field: 200821|| aca||aabn | a|a d

040 ## - CATALOGING SOURCE

  • Original cataloging agency: OSt
  • Transcribing agency: OSt

150 ## - HEADING--TOPICAL TERM

  • Topical term or geographic name entry element: Organizaciones sin ánimo de lucro
  • General subdivision: aspectos jurídicos
  • Geographic subdivision: Colombia

670 ## - SOURCE DATA FOUND

  • Source citation: Work cat.: (OSt)4483: Plaza Guamanga, Luis Adelmo, autor 9083, Régimen tributario especial para las entidades sin ánimo de lucro bajo el nuevo contexto fiscal ESAL : , 2019